<?xml version="1.0" encoding="UTF-8"?>
<record
    xmlns:xsi="http://www.w3.org/2001/XMLSchema-instance"
    xsi:schemaLocation="http://www.loc.gov/MARC21/slim http://www.loc.gov/standards/marcxml/schema/MARC21slim.xsd"
    xmlns="http://www.loc.gov/MARC21/slim">

  <leader>02179cam a22002657a 4500</leader>
  <controlfield tag="001">14887903</controlfield>
  <controlfield tag="003">OSt</controlfield>
  <controlfield tag="005">20231031111830.0</controlfield>
  <controlfield tag="008">070612s2007    mou      f    000 0 eng d</controlfield>
  <datafield tag="020" ind1=" " ind2=" ">
    <subfield code="a">9780323088985</subfield>
  </datafield>
  <datafield tag="040" ind1=" " ind2=" ">
    <subfield code="c">LC</subfield>
  </datafield>
  <datafield tag="050" ind1="0" ind2="0">
    <subfield code="a">RT51.P36</subfield>
  </datafield>
  <datafield tag="100" ind1=" " ind2=" ">
    <subfield code="a"> Perry, Anne Griffin</subfield>
    <subfield code="9">110</subfield>
  </datafield>
  <datafield tag="245" ind1="1" ind2="0">
    <subfield code="a">Skills performance checklists for clinical nursing skills &amp; techniques </subfield>
    <subfield code="c">Anne Griffin Perry, Patricia A. Potter, Wendy Ostendorf.</subfield>
  </datafield>
  <datafield tag="250" ind1=" " ind2=" ">
    <subfield code="a">8th ed.</subfield>
  </datafield>
  <datafield tag="260" ind1=" " ind2=" ">
    <subfield code="a">Maryland heights, Missouri:</subfield>
    <subfield code="b">Mosby Elsevier,</subfield>
    <subfield code="c">2014.</subfield>
  </datafield>
  <datafield tag="300" ind1=" " ind2=" ">
    <subfield code="a">viii, 616 p. ;</subfield>
    <subfield code="c">28 cm.</subfield>
  </datafield>
  <datafield tag="505" ind1=" " ind2=" ">
    <subfield code="a">Contents: Using evidence in practice(no checklists in this chapter) -- Admitting, transfer and discharge -- Communication -- Documentation and informatics -- Vital signs -- Health assessment -- Medical asepsis -- Sterile technique -- Safe patient handling, transfer and positioning -- Exercise and ambulation -- Orthopedic measures -- Support surfaces and special beds -- Safety and quality improvement -- Disaster preparedness -- Pain assessment and basic comfort measures -- Palliative care -- Personal hygiene and bed making -- Pressure ulcer care -- Care of the eye and ear -- Safe medicine preparation(no checklists in this chapter) -- Oral and topical medications -- Parenteral medications -- Oxygen therapy -- Performing chest physiotherapy -- Airway management -- Closed chest drainage systems -- Emergency measures for life support -- Intravenous and vascular access therapy -- Blood transfusions -- Oral nutrition -- Enteral nutrition -- Parental nutrition -- Urinary elimination -- Bowel elimination and gastric intubation -- Ostomy care -- Preoperative and postoperative care -- intraoperative care -- Wound care and irrigations -- Dressings, bandages and binders -- Therapeutic use of heat and cold -- Home care safety -- Home care teaching -- Specimen collection -- Diagnostic procedures -- </subfield>
  </datafield>
  <datafield tag="650" ind1=" " ind2="0">
    <subfield code="a">Nursing</subfield>
    <subfield code="v">Handbooks, manuals, etc.</subfield>
    <subfield code="9">194</subfield>
  </datafield>
  <datafield tag="700" ind1=" " ind2=" ">
    <subfield code="a"> Potter, Patricia A.</subfield>
    <subfield code="9">195</subfield>
  </datafield>
  <datafield tag="700" ind1=" " ind2=" ">
    <subfield code="a">Ostendorf, Wendy </subfield>
    <subfield code="9">196</subfield>
  </datafield>
  <datafield tag="942" ind1=" " ind2=" ">
    <subfield code="2">lcc</subfield>
    <subfield code="c">BK</subfield>
  </datafield>
  <datafield tag="999" ind1=" " ind2=" ">
    <subfield code="c">9151</subfield>
    <subfield code="d">16651</subfield>
  </datafield>
  <datafield tag="952" ind1=" " ind2=" ">
    <subfield code="0">0</subfield>
    <subfield code="1">0</subfield>
    <subfield code="2">lcc</subfield>
    <subfield code="4">0</subfield>
    <subfield code="7">0</subfield>
    <subfield code="a">WIUC-KL</subfield>
    <subfield code="b">WIUC-KL</subfield>
    <subfield code="c">NURS L.</subfield>
    <subfield code="d">2019-11-26</subfield>
    <subfield code="o">RT51.P36(8e)</subfield>
    <subfield code="p">KSN/811/811/19</subfield>
    <subfield code="r">2022-08-17 00:00:00</subfield>
    <subfield code="w">2022-08-17</subfield>
    <subfield code="y">BK</subfield>
  </datafield>
</record>
